000 02001nam a2200385 c 4500
003 BLK
005 20191202101801.0
008 180407b bul|||||r ||||||| ||bul||
010 _aKNG00034547000
020 _a954-712-070-0
_bиздат.: Русенски унив. А. Кънчев
040 _aBLK
041 _aBUL
_cBUL
080 _aИнженерна графика. Техническо чертане
_b62:744
_x(075.8)
_z62:744(075.8)
100 1 _aБелкинова, Даниела Александрова
_eпърви автор
_937814
700 1 _aТрифонов, Трифон Иванов
_e*
_9271873
700 1 _aКалчева, Стефка Николова
_e*
_9366715
700 1 _aЦонева, Цонка Цонева
_e*
_9366716
139 _aТехническо документиране
_bТ 53
245 1 0 _aТехническо документиране
_bРъководство за упражнения за студентите от Русенския унив. А. Кънчев
_cДаниела Александрова Белкинова; * Трифон Иванов Трифонов; * Стефка Николова Калчева; * Цонка Цонева Цонева.
257 _aBGR
260 Русе
_bРусенски унив. А. Кънчев
_c2000
300 _a69 с.
_bс черт., сх.
_c22Х32 см
380 _a62
500 _aДруги авт.: Тр. Трифонов, Ст. Калчева, Ц. Цонева. - 500 тир. - Библиогр. с. 69.
650 4 _aТехническо чертане - учебници за ВУЗ
_9249317
650 4 _aКонструкторска документация
_9271874
653 _aтехническо чертане
653 _aконструкторска документация
653 _aучебници за ВУЗ
852 _aЦб 206736
856 4 _qpdf
_u
856 4 _qpdf
_u
942 _cKNG
_n0
_03
944 _aCR
_c15.01.2003
_lф /
_kAB_DOS
944 _aED
_c24.01.2017
_lф /
_kЛюдмила_Стоянова
999 _c31884
_d31884